书目信息 |
| 题名: |
红蓝宝书1000题·新日本语能力考试N5、N4文字·词汇·文法(练习+详解)
|
|
| 作者: | 许小明 , Reika 主编 ;新世界图书事业部 编著 | |
| 分册: | ||
| 出版信息: | 上海 华东理工大学出版社 2016 |
|
| 页数: | 322页 | |
| 开本: | 24cm | |
| 丛书名: | ||
| 单 册: | ||
| 中图分类: | H363 , H364 | |
| 科图分类: | ||
| 主题词: | 日语--词汇--水平考试--题解 , 日语--语法--水平考试--题解 | |
| 电子资源: | ||
| ISBN: | 978-7-5628-4539-3 | |
| 000 | 01149nam0 2200277 450 | |
| 001 | 012001005358 | |
| 005 | 20141008172114.0 | |
| 010 | @a978-7-5628-4539-3@dCNY42.80 | |
| 100 | @a20160427d2016 em y0chiy50 ea | |
| 101 | 0 | @achi@ajpn |
| 102 | @aCN@b310000 | |
| 105 | @ay q 000yy | |
| 106 | @ar | |
| 200 | 1 | @a红蓝宝书1000题·新日本语能力考试N5、N4文字·词汇·文法(练习+详解)@9hong lan bao shu 1000 ti · xin ri ben yu neng li kao shi N5、N4 wen zi · ci hui · wen fa(lian xi + xiang jie)@b专著@f许小明,Reika主编@g新世界图书事业部编著 |
| 210 | @a上海@c华东理工大学出版社@d2016 | |
| 215 | @a322页@d24cm | |
| 330 | @a本书为红蓝宝书配套的新日本语能力考试辅导用书。书中练习题涉及文字词汇和文法。每道题目后面特别添加中文详解,深入剖析答题对策,是完全适合中国考生的备考书。全书一题一解,适合考生自学备考。 | |
| 606 | 0 | @a日语@x词汇@x水平考试@j题解 |
| 606 | 0 | @a日语@x语法@x水平考试@j题解 |
| 690 | @aH363@v5 | |
| 690 | @aH364@v5 | |
| 701 | 0 | @a许小明@9xu xiao ming@4主编 |
| 701 | 0 | @aReika@4主编 |
| 712 | 02 | @a新世界图书事业部@9xin shi jie tu shu shi ye bu@4编著 |
| 801 | 0 | @aCN@b上海新华@c20180901 |
| 905 | @b1173706-8@dH363@e613@f3 | |
| 红蓝宝书1000题·新日本语能力考试N5、N4文字·词汇·文法(练习+详解)/许小明,Reika主编/新世界图书事业部编著.-上海:华东理工大学出版社,2016 |
| 322页;24cm |
| ISBN 978-7-5628-4539-3:CNY42.80 |
| 本书为红蓝宝书配套的新日本语能力考试辅导用书。书中练习题涉及文字词汇和文法。每道题目后面特别添加中文详解,深入剖析答题对策,是完全适合中国考生的备考书。全书一题一解,适合考生自学备考。 |
| ● |
| 相关链接 |
|
|
|
|
正题名:红蓝宝书1000题·新日本语能力考试N5、N4文字·词汇·文法(练习+详解)
索取号:H363/613
 
预约/预借
| 序号 | 登录号 | 条形码 | 馆藏地/架位号 | 状态 | 备注 |
| 1 | 1173706 | 211737067 | 第二样本阅览室/ [索取号:H363/613] | 在馆 | |
| 2 | 1173707 | 211737076 | 第四借阅区/ [索取号:H363/613] | 在馆 | |
| 3 | 1173708 | 211737085 | 密集书库—外国语学院/ [索取号:H363/613] | 在馆 |